| 000 | 00758cam a2200193 i 4500 | ||
|---|---|---|---|
| 005 | 20260217110752.0 | ||
| 008 | 250721s2012 jo gr 000 0 eng d | ||
| 041 | 1 |
_aara _aeng |
|
| 082 | 1 | 4 |
_a391.2 _bH A D |
| 100 | 1 |
_aAl-Huneiti Al - Hadeeed, Seiteh Ibrahim Al-Rashed _eEditor. |
|
| 245 | 1 | 0 |
_aJordanian Folkloric Fashion : _bHistory and civilization through ages / _cGeneral Supervision and editing Seiteh Ibrahim AL-Rashed AL-Huneiti AL-Hdeed ؛ translated by Abdullah Arikat. |
| 264 | 3 | 1 |
_aAMMAN : _bsociety for development and rehabilitation of the rural woman, _c2012. |
| 300 | _a136 Pages. | ||
| 650 | 1 | 7 | _aCOSTUMES. |
| 650 | 1 | 7 | _aPOPULAR COSTUMES. |
| 700 | 1 |
_aArikat, Abdullah _eTran. |
|
| 942 |
_2ddc _cBK |
||
| 999 |
_c134351 _d134351 |
||